000
00340 a2200157 4500
001
57357
020
_a
8508099304
040
_c
Anchieta - Pituba
100
_a
Silveira, Maria José
240
1
0
_a
Cabeça de garota
_l
por
245
1
0
_a
Cabeça de garota
300
_a
159
362
0
_a
2005
650
4
_a
Literatura juvenil
942
_c
BK
999
_c
57357
_d
57357